Detalles MARC
| 000 -ENCABEZADO |
| Número de control [NR] |
02520nam a2200277Ia 4500 |
| 005 - FECHA Y HORA DE LA ÚLTIMA TRANSACCIÓN |
| control field |
20170214085553.0 |
| 008 - DE LONGITUD FIJA DE DATOS DE ELEMENTOS - INFORMACIÓN GENERAL |
| Elementos de longitud fija [NR] |
130821k18721886sp |||fr 1 spa d |
| 040 ## - FUENTE DE CATALOGACION [NR] |
| Agencia de catalogación original [NR] |
Co-BoUCM |
| Idioma de catalogación [NR] |
spa |
| Quien Cataloga |
Sandra Yazo (modificó) |
| Quien Clasifica |
Sandra Yazo (modificó) |
| 041 0# - CODIGO DE IDIOMA [R] |
| Código de idioma para texto/pista de sonido o título separado [R] |
Español |
| 082 04 - NUMERO DE CLASIFICACION DECIMAL DEWEY [R] |
| Número de clasificación [R] |
860.3 |
| Número de la edición [NR] |
20 |
| 092 ## - SIGNATURA TOPOGRAFICA LOCAL |
| Número de clasificación local |
E13N046 |
| 245 10 - MENCION DE TITULO [NR] |
| Título [NR] |
Escritores del siglo XVI |
| 260 ## - PUBLICACION, DISTRIBUCION, ETC. (PIE DE IMPRENTA) [R] |
| Lugar de publicación, distribución, etc. [R] |
Madrid (España) |
| Nombre del editor, distribuidor, etc. [R] |
M. Rivadeneyra |
| Fecha de publicación, distribución, etc. [R] |
1872-1886 |
| 300 ## - DESCRIPCION FISICA [R] |
| Extensión [R] |
2 volúmenes ( cxviii, 491, [1] ; xxii, 684, [1] páginas) |
| Dimensiones [R] |
26 x 17 cm. |
| 490 #0 - MENCION DE SERIE [R] |
| Mención de serie [R] |
Biblioteca de autores españoles, desde la formación del lenguaje hasta nuestros días |
| Designación numérica/secuencial del volumen [NR] |
27 |
| -- |
37 |
| 500 ## - NOTA GENERAL [R] |
| Nota general [NR] |
Detalles físicos: Encuadernación rígida (holandesa) en cartón forrado en papel. Lomo en cuero con nervaduras sobre costuras y adornos en dorado. Guardas en papel de agua. Hoja de cortesía. Anteportada. Portada impresa en una sola tinta con un escudo grabado (Castilla-León). Texto impreso en una y dos columnas, separadas por una línea vertical. Notas al pie de página. Cintas Para señalar la lectura. Papel con manchas de oxidación. Tapas con residuos de cinta pegante, bordes con raspaduras y dobleces en esquinas |
| 505 0# - NOTA DE CONTENIDO CON FORMATO PREESTABLECIDO [R] |
| Nota de contenido con formato preestablecido [NR] |
V.1: Juicios críticos sobre estos autores ; Obras de San Juan de la Cruz: Subida al Monte Carmelo ; Noche oscura del alma ; Cántico Espiritual ; Llama de amor viva ; Instrucción y cautelas ; Cartas espirituales ; Obras del Maestro Fray Pedro Malón de Chaide: La conversión de la Magdalena ; Serón de Orígenes para la fiesta de la Resurrección del Señor ; Obras del Maestro Fray Hernando de Zárate: Discurso de la paciencia cristiana -- V.2: Vida de Fr ; Luis de León ; Juicio crítico ; Extractos del proceso incoado por la Inquisición en contra suya ; Obras del Maestro Fray Luis de León: De los nombres de Cristo ; La perfecta casada ; Traducción y Declaración del Libro de los Cantares, de Salomón ; Respuesta a sus émulos, desde la prisión ; Exposición del Libro de Job |
| 506 ## - NOTA DE RESTRICCIONES DE ACCESO [R] |
| Condiciones de acceso [NR] |
Consulta en sala |
| 650 #7 - ASIENTO SECUNDARIO DE MATERIA - TERMINO TEMATICO [R] |
| Término temático o nombre geográfico como elemento de entrada [NR] |
Autores |
| Subdivisión geográfica [R] |
España |
| Subdivisión cronológica [R] |
Siglo XVI |
| 9 (RLIN) |
9805 |
| 650 #7 - ASIENTO SECUNDARIO DE MATERIA - TERMINO TEMATICO [R] |
| Término temático o nombre geográfico como elemento de entrada [NR] |
Literatura española |
| 9 (RLIN) |
7793 |
| 651 #4 - ASIENTO SECUNDARIO DE MATERIA - NOMBRE GEOGRAFICO [R] |
| Nombre geográfico [NR] |
España |
| Subdivisión general [R] |
Literatura |
| -- |
Autores |
| Subdivisión cronológica [R] |
Siglo XVI |
| 9 (RLIN) |
26943 |
| 690 ## - ASUNTO AGREGADO LOCAL DE ENTRADA - TÉRMINO TEMÁTICO (OCLC, RLIN) |
| Acceso temático local |
Litertura europea |
| 9 (RLIN) |
84096 |
| 856 41 - LOCALIZACION Y ACCESO ELECTRONICOS [R] |
| Identificador Uniforme del Recurso (“URI”) [R] |
<a href="https://books.google.com.co/books?id=8Us9_APXxhQC&printsec=frontcover&hl=es&source=gbs_ge_summary_r&cad=0#v=onepage&q&f=false">https://books.google.com.co/books?id=8Us9_APXxhQC&printsec=frontcover&hl=es&source=gbs_ge_summary_r&cad=0#v=onepage&q&f=false</a> |
| Nota dirigida al público [R] |
Disponible en línea V.2 (1855) |
| 856 41 - LOCALIZACION Y ACCESO ELECTRONICOS [R] |
| Identificador Uniforme del Recurso (“URI”) [R] |
<a href="https://archive.org/stream/escritoresdelsi00escrgoog#page/n8/mode/2up">https://archive.org/stream/escritoresdelsi00escrgoog#page/n8/mode/2up</a> |
| Nota dirigida al público [R] |
Disponible en línea V.1 (1862) |
| 942 ## - ELEMENTOS DE ENTRADA AGREGADOS (KOHA) |
| Tipo de ítem principal el descrito en 300a |
Libro |
| Tema principal |
18 |
| Edición |
1 |
| Sistema de clasificación |
LOCAL |
| Clasificación |
E13N046 |